Die gotischen monstranzen im Rheinland (Record no. 7796)

MARC details
000 -CABECERA
campo de control de longitud fija 00821nam a2200253 a 4500
001 - NÚMERO DE CONTROL
campo de control BRCA_8128
005 - FECHA Y HORA DE LA ÚLTIMA TRANSACCIÓN
campo de control 20190320210138.0
008 - DATOS DE LONGITUD FIJA--INFORMACIÓN GENERAL
campo de control de longitud fija 100414s1964----gw-a###f##---#001-0#ger-#
041 ## - CÓDIGO DE LENGUA
Código de lengua del texto/banda sonora o título independiente ger
044 ## - CÓDIGO DEL PAÍS DE LA ENTIDAD EDITORA/PRODUCTORA
Código MARC del país gw
050 #4 - SIGNATURA TOPOGRÁFICA DE LA BIBLIOTECA DEL CONGRESO
Número de clasificación NK7215
Número de documento/Ítem .P453
-- 1964
100 1# - ENTRADA PRINCIPAL--NOMBRE DE PERSONA
Nombre de persona Perpeet-Frech, Lotte
9 (RLIN) 20236
245 10 - MENCIÓN DE TÍTULO
Título Die gotischen monstranzen im Rheinland
Mención de responsabilidad, etc. Lotte Perpeet-Frech ; herausgegeben von Herbert von Einem und Heinrich Lützeler.
260 ## - PUBLICACIÓN, DISTRIBUCIÓN, ETC.
Lugar de publicación, distribución, etc. Düsseldorf
Nombre del editor, distribuidor, etc. Rheinland
Fecha de publicación, distribución, etc. 1964
300 ## - DESCRIPCIÓN FÍSICA
Extensión 232 p.
Otras características físicas il., 285 láminas
Dimensiones 25 cm.
440 #0 - MENCIÓN DE SERIE/PUNTO DE ACCESO ADICIONAL--TÍTULO
Título Bonner beiträge zur kunst wissenschaft
Número de parte o sección de la obra 7
9 (RLIN) 20237
500 ## - NOTA GENERAL
Nota general Y206
650 14 - PUNTO DE ACCESO ADICIONAL DE MATERIA--TÉRMINO DE MATERIA
Término de materia o nombre geográfico como elemento de entrada Arte gótico
Subdivisión geográfica Alemania
9 (RLIN) 20238
651 #4 - PUNTO DE ACCESO ADICIONAL DE MATERIA--NOMBRE GEOGRÁFICO
Nombre geográfico Renania
Subdivisión geográfica Alemania
9 (RLIN) 20239
700 1# - PUNTO DE ACCESO ADICIONAL--NOMBRE DE PERSONA
Nombre de persona Einem, Herbert von
Término indicativo de función/relación ed.
9 (RLIN) 20240
700 1# - PUNTO DE ACCESO ADICIONAL--NOMBRE DE PERSONA
Nombre de persona Lützeler, Heinrich
Término indicativo de función/relación ed.
9 (RLIN) 20241
902 ## - CATALOGADOR
Iniciales GFM
942 ## - ELEMENTOS DE PUNTO DE ACCESO ADICIONAL (KOHA)
Fuente del sistema de clasificación o colocación Library of Congress Classification
Tipo de ítem Koha Libros
Holdings
Estado de retiro Estado de pérdida Estado dañado No para préstamo Localización permanente Ubicación/localización actual Fecha de adquisición Número de inventario Total de préstamos Signatura topográfica completa Código de barras Fecha visto por última vez Precio válido a partir de Tipo de ítem Koha
El ejemplar forma parte de la colección y puede ser consultado según las políticas vigentes.       Biblioteca del Museo Franz Mayer (Rogerio Casas-Alatriste) Biblioteca del Museo Franz Mayer (Rogerio Casas-Alatriste) 10/04/2014 Y206   NK7215 .P453 1964 (Y206) 8752 22/03/2019 22/03/2019 Libros